[Event "Plovdiv ChessBomb op 2nd"]
[Site "Plovdiv"]
[Date "2016.07.14"]
[Round "4"]
[White "Brezalieva, Steliyana"]
[Black "Ivanov, Ljubomir"]
[Result "1-0"]
[WhiteElo "1477"]
[BlackElo "1840"]
[PlyCount "107"]
[EventDate "2016.07.12"]
[EventType "swiss"]
[EventRounds "7"]
[EventCountry "BUL"]
[SourceTitle "CBM 173 Extra"]
[Source "ChessBase"]
[SourceDate "2016.08.29"]
[SourceVersion "1"]
[SourceVersionDate "2016.08.29"]
[SourceQuality "1"]

1. d4 Nf6 2. c4 g6 3. Nc3 d5 4. cxd5 Nxd5 5. e4 Nxc3 6. bxc3 Bg7 7. Be3 c5 8. Nf3 0-0 9. Qd2 Qa5 10. Rc1 Bg4 11. Be2 Rd8 12. d5 e6 13. c4 Qxd2+ 14. Nxd2 Bxe2 15. Kxe2 b6 16. Rhd1 Na6 17. a3 Nc7 18. Rc2 f5 19. f3 exd5 20. exd5 Rd7 21. Kf2 Ne8 22. Nb3 Bf6 23. g3 g5 24. Bd2 Nd6 25. Bc3 Bxc3 26. Rxc3 Re8 27. Re1 Rde7 28. Rxe7 Rxe7 29. Nd2 Kf7 30. a4 Ke8 31. Re3 Kd7 32. Rxe7+ Kxe7 33. Ke3 Kf6 34. f4 g4 35. Kd3 h5 36. Ke3 h4 37. Kd3 h3 38. Ke3 Ke7 39. Kd3 Kd7 40. Ke3 Kc7 41. Ke2 Kb7 42. Kd3 Ka6 43. Kc3 Ka5 44. Kb3 Ka6 45. Kc3 Kb7 46. Kd3 a6 47. Kc3 Ne8 48. Nb1 Nf6 49. Nd2 b5 50. axb5 axb5 51. cxb5 Nxd5+ 52. Kc4 Nxf4 53. gxf4 g3 54. Nf3 1-0